|
|
|
|
| LEADER |
00918nam a22001937a 4500 |
| 003 |
OSt |
| 008 |
161019b xxu||||| |||| 00| 0 eng d |
| 020 |
|
|
|a 978-0-415-40099-2
|
| 082 |
|
|
|2 22nd
|a 320
|b ADA/F
|
| 100 |
|
|
|a Adams, Ian and Dyson, R W.
|
| 245 |
|
|
|a Fifty major political thinkers/
|
| 250 |
|
|
|a Ed.2
|
| 260 |
|
|
|a Oxon:
|b Routledge,
|c 2007.
|
| 300 |
|
|
|a 253p.
|
| 942 |
|
|
|2 ddc
|c BK
|
| 999 |
|
|
|c 338652
|d 338652
|
| 952 |
|
|
|0 0
|1 0
|4 0
|6 320_000000000000000_ADA_F
|7 0
|9 388667
|a POL
|b POL
|c ST1
|d 2011-08-05
|g 0.00
|i POL1266
|l 9
|m 2
|o 320 ADA/F
|p POL1266
|r 2021-12-22
|s 2021-12-14
|w 2018-08-20
|y BK
|
| 952 |
|
|
|0 0
|1 0
|4 0
|6 320_000000000000000_ADA_F
|7 0
|9 388668
|a POL
|b POL
|c ST1
|d 2011-08-24
|g 0.00
|i POL969
|l 18
|m 3
|o 320 ADA/F
|p POL969
|q 2022-01-13
|r 2021-12-14
|s 2021-12-14
|w 2018-08-20
|y BK
|
| 952 |
|
|
|0 0
|1 0
|4 0
|6 320_000000000000000_ADA_F
|7 0
|9 388669
|a POL
|b POL
|c ST1
|d 2011-08-25
|g 0.00
|i POL857
|l 8
|m 2
|o 320 ADA/F
|p POL857
|r 2018-03-05
|s 2017-02-21
|w 2018-08-20
|y BK
|